Medzinárodné lodné spoločnosti v cestovnom ruchu (problematika zamestnancov v lodnej spoločnosti Celebrity Cruises) diplomová práca

Guardado en:
Detalles Bibliográficos
Autor principal: Adamcová, Monika
Autor Corporativo: Obchodná fakulta EU. Katedra služieb a cestovného ruchu - zrušené
Otros Autores: Pachingerová, Mária
Formato: Libro
Lenguaje:eslovaco
Publicado: Bratislava 2016
Etiquetas: Agregar Etiqueta
Sin Etiquetas, Sea el primero en etiquetar este registro!

MARC

LEADER 00000nbm a2200000 4500
001 0216818
005 20170209154946.0
041 0 |a slo 
044 |a SK 
245 1 0 |a Medzinárodné lodné spoločnosti v cestovnom ruchu (problematika zamestnancov v lodnej spoločnosti Celebrity Cruises)  |b diplomová práca  |c Monika Adamcová ; školiteľ: Mária Pachingerová 
264 1 |a Bratislava  |c 2016 
300 |a 75 s. 
100 1 |a Adamcová, Monika 
700 1 |a Pachingerová, Mária 
710 2 |a Obchodná fakulta EU. Katedra služieb a cestovného ruchu - zrušené